000 00731nam a22002177a 4500
999 _c22427
_d22427
003 OSt
005 20220613085815.0
008 180228s2017 pe 000 0 spa
020 _a9786124111105
040 _cBiblioteca Municipal de Cusco
082 _a869.56/V46D
_bV46D
100 _aVerástegui, Enrique
_d1950-2018
_948134
245 _aDiario de viaje :
_bArequipa /
_cEnrique Verástegui
250 _a1a ed.
260 _aArequipa :
_bCascahuesos,
_c2016.
300 _a55, [4] páginas. :
_bilustraciones ;
_c21 cm.
490 _aColección de textos investigaciones literarias ;
_v3
600 _aVerástegui, Enrique
_d1950
_vDiarios
_948135
650 _aProsas poéticas peruana
_ySiglo XX
_948136
942 _2ddc
_cLIBROS